000 01318nji a22002897a 4500
005 20100903161258.0
006 a|||||r|||||00| 0
007 sd ammalaaahaa
008 100830t xxu||||| |||| 00| 0 eng d
028 _aN-54371
_bHis Master's Voice
035 _aGR-01196
040 _aSED
_cSED
100 _917455
_aMangeskar, Lata
245 _aDulha dulhan /
_cby Lata Mangeskar [and] Kamal Barot ; music by Kalyanji Anandji ; lyric by Anand Bakshi
_h[sound recording] :
246 _aपिया खिचे हुए /लता मंगेशकर द्वारा
260 _aDum Dum, India
_bHis Master's Voice
300 _a1 sound disc [Gramophone Recording]:
_banalog, 33 1/3 rpm
_c9.5 in. (MP)
_fGramophone Record
500 _aBrief Record
505 _aSide- 1पिया खिचे हुए (Piya kichey hue) (Lata Mangeskar, Kamal Barot) Side 2(मुझे कहते है कल्लू कव्वाल ) Mujhe kahtey hai kallu kawwa (Mukehs, Lata Mangeskar)l
650 _aClassical music
_zIndia
_91186
_xExcerpts
700 _917416
_aBarot, Kamal
700 _917456
_aKalyanji Anandji
700 _aBakshi, Anand
_918836
700 _918849
_aMukesh
942 _2ddc
_cGR
999 _c44484
_d44484